Stati degli Stati Uniti per PIL (nominale) - Statistics

Statistiche generali
  • Questo quiz è stato fatto 50 volte
  • Il punteggio medio è 9 su 10
Statistiche sulle risposte
PIL (nominale) (milioni $) Stato federale % Corretto
1 595 347 Florida
100%
2 168 133 New York
100%
3 898 158 California
98%
2 596 144 Texas
98%
808 344 Washington
89%
974 558 Pennsylvania
86%
880 871 Ohio
80%
806 890 New Jersey
77%
1 092 246 Illinois
75%
811 294 Georgia
70%
Nessun quiz corrispondente trovato
Distribuzione punteggi
Percentuale di utenti per punteggio
Percentile per numero di risposta
I tuoi punteggi nel tempo
Non hai fatto questo quiz